| 000 | 00544nam a22001577a 4500 | ||
|---|---|---|---|
| 003 | NUST | ||
| 082 | _a629.8 | ||
| 100 |
_a KHAN ,USAMA TARIQ _9122416 |
||
| 245 |
_aRapidly Re-planning RRT* A Novel Re-Planning Algorithm / _cUSAMA TARIQ KHAN |
||
| 264 |
_aIslamabad: _b SMME- NUST. _c2021. |
||
| 300 |
_a64p. ; _bSoft Copy, _c 30cm. |
||
| 650 |
_aMS Robotics and Intelligent Machine Engineering _9119486 |
||
| 700 |
_aSupervisor : Dr. YASAR AYAZ _9119961 |
||
| 856 | _uhttp://10.250.8.41:8080/xmlui/handle/123456789/26241 | ||
| 942 |
_2ddc _cTHE |
||
| 999 |
_c608911 _d608911 |
||